| 000 | 00734pam a2200217 a 4500 | ||
|---|---|---|---|
| 001 | 4680051 | ||
| 005 | 20250117105456.0 | ||
| 008 | 811222s1982 cauaf b 001 0 eng | ||
| 020 | _a0805393102 | ||
| 050 | 0 | 0 |
_aQR41.2 _b.T67 1982 |
| 082 | 0 | 0 |
_a576 _219 |
| 100 | 1 | _aTortora, Gerard J. | |
| 245 | 1 | 0 |
_aMicrobiology : _ban introduction / _cGerard J. Tortora, Berdell R. Funke, Christine L. Case. |
| 260 |
_aMenlo Park, Calif. : _bBenjamin/Cummings Pub. Co., _cc1982. |
||
| 300 |
_axviii, 772 p., [4] p. of plates : _bill. (some col.) ; _c26 cm. |
||
| 440 | 4 | _aThe Benjamin/Cummings series in the life sciences | |
| 650 | 0 | _aMicrobiology. | |
| 700 | 1 | _aFunke, Berdell R. | |
| 700 | 1 |
_aCase, Christine L., _d1948- |
|
| 942 |
_2lcc _cBK _n0 |
||
| 999 |
_c2609 _d2609 |
||